00414nam a2200133Ia 4500003000400000005001700004008004100021020001800062100002200080245009000102250001300192260006000205300001500265OSt20250721120003.0240827s9999 xx 000 0 und d a9789332551831 aGibson, Robert L. 0aIntroduction To Counseling And Guidancecby Robert L. Gibson and Marianne H. Mitchell a7th ed.  bPearson India Education Servicesc2023; 2024aNoida, UP a523p.ePbk